A Karancsaljai Borostyán Ökohotel Megvalósíthatósági Tanulmánya
| Szerző: | |
|---|---|
| További közreműködők: | |
| Dokumentumtípus: | Diplomadolgozat |
| Kulcsszavak: | Észak-Magyarország fenntarthatóság megvalósíthatóság ökoturizmus szállodaipar |
| Online Access: | http://dolgozattar.uni-bge.hu/59982 |
MARC
| LEADER | 00000nta a2200000 i 4500 | ||
|---|---|---|---|
| 001 | dolg59982 | ||
| 005 | 20260409145828.0 | ||
| 008 | 260409suuuu hu om 000 hun d | ||
| 040 | |a BGE Dolgozattár Repozitórium |b hun | ||
| 041 | |a hu | ||
| 100 | 1 | |a Sólya Vilma | |
| 245 | 1 | 2 | |a A Karancsaljai Borostyán Ökohotel Megvalósíthatósági Tanulmánya |c Sólya Vilma |h [elektronikus dokumentum] |
| 520 | 3 | |a A dolgozat célja a Karancsalján megvalósítani tervezett Borostyán Ökohotel részletes megvalósíthatósági tanulmányának kidolgozása volt, különös tekintettel a fenntarthatósági elvek gyakorlati alkalmazására, valamint a gazdasági életképesség vizsgálatára. A kutatás szekunder adatok feldolgozásán alapult, és a helyszín turisztikai potenciáljának, a célcsoportok igényeinek, valamint a versenytársak helyzetének elemzésével egészült ki. A szakdolgozat részletes üzleti tervet, pénzügyi modellezést (NPV, IRR számításokat) és üzemeltetési koncepciót is tartalmaz, amelyek igazolják, hogy a projekt nemcsak fenntarthatósági, hanem gazdasági szempontból is életképes. A kutatás eredményei rámutattak, hogy az ökohotel hozzájárulhat a helyi gazdaság fejlődéséhez, a környezeti értékek megőrzéséhez, valamint a fenntartható turizmus hazai gyakorlatának erősítéséhez. | |
| 695 | |a Észak-Magyarország | ||
| 695 | |a fenntarthatóság | ||
| 695 | |a megvalósíthatóság | ||
| 695 | |a ökoturizmus | ||
| 695 | |a szállodaipar | ||
| 700 | 1 | |a Lovasné Dr. Avató Judit |e ths | |
| 856 | 4 | 0 | |u http://dolgozattar.uni-bge.hu/59982/1/A%20Karancsaljai%20Borosty%C3%A1n%20%C3%96kohotel%20Megval%C3%B3s%C3%ADthat%C3%B3s%C3%A1gi%20Tanulm%C3%A1nya.pdf |z Dokumentum-elérés |
| 856 | 4 | 0 | |u http://dolgozattar.uni-bge.hu/59982/2/Szakdolgozat%20b%C3%ADr%C3%A1lati%20lap%20magyar%202025%20BNTVH8V%20Lovasn%C3%A9.pdf |z Dokumentum-elérés |
| 856 | 4 | 0 | |u http://dolgozattar.uni-bge.hu/59982/3/S%C3%B3lya%20Vilma_opponens_Ol%C3%A1h%20P%C3%A9ter.pdf |z Dokumentum-elérés |